Classement PIB en 2018 par Pays - Statistiques

Statistiques générales
  • Ce quiz a été pris 77 fois
  • Le résultat moyen est 9 sur 10
Statistiques - réponses
Rang Richesses en milliards de dollars Réponse % Correct
1 21 345 Etats-Unis
100%
4 3 964 Allemagne
99%
2 14 217 Chine
97%
7 2 762 France
97%
6 2 829 Royaume-Uni
97%
3 5 176 Japon
96%
5 2 972 Inde
91%
10 1739 Canada
87%
9 1960 Brésil
86%
8 2 026 Italie
84%
Aucun quiz correspondant
Distribution des résultats
% des personnes avec chaque résultat
Percentile par nombre de réponses
Votre historique - résultats
Vous n’avez pas pris ce quiz